000 00589nam a2200181Ia 4500
008 240729s9999 xx 000 0 und d
022 _a2772-9001
245 0 _aJournal of Economics, Theology and Religion
260 _aNetherlands
260 _bErasmus Economics & Theology Institute
650 _a Economic theory. Demography | Philosophy. Psychology. Religion
650 _a Religion (General)
650 _a Religions. Mythology. Rationalism
650 _aSocial Sciences
856 _uhttps://doaj.org/toc/554551361c79414d85eaa90780fd6f08
942 _2ddc
942 _cDOAJEJ
999 _c68330
_d68330
945 _a1
_bMadushi Gamage
_c1
_dMadushi Gamage